[Event "Zadar op"]
[Site "Zadar"]
[Date "1995.??.??"]
[Round "?"]
[White "Boto, Zeljko"]
[Black "Dizdarevic, Emir"]
[Result "0-1"]
[WhiteElo "2300"]
[BlackElo "2465"]
[PlyCount "64"]
[EventDate "1995.12.??"]
[EventType "swiss"]
[EventRounds "9"]
[EventCountry "CRO"]
[SourceTitle "EXT 2000"]
[Source "ChessBase"]
[SourceDate "1999.11.16"]
[SourceVersion "1"]
[SourceVersionDate "1999.11.16"]
[SourceQuality "1"]

1. e4 c6 2. d4 d5 3. e5 Bf5 4. c4 e6 5. Nc3 Nd7 6. h4 h6 7. cxd5 cxd5 8. g4 Bh7 9. h5 Ne7 10. f4 Nc6 11. Be3 Bb4 12. Nge2 Nb6 13. b3 Rc8 14. Qd2 Na5 15. Rh3 0-0 16. Qb2 f6 17. exf6 Qxf6 18. a3 Bd6 19. Bg2 Qe7 20. Bd2 Kh8 21. Qa2 Nd7 22. Bf3 a6 23. Qb2 b5 24. Kf1 Nc6 25. b4 Nb6 26. Bc1 Nc4 27. Qb3 Qa7 28. Qd1 Bc7 29. f5 Bb6 30. fxe6 Nxd4 31. Nf4 Nc2 32. Ncxd5 Be3 0-1

[Event "Split op"]
[Site "Split"]
[Date "1992.??.??"]
[Round "?"]
[White "Boto, Zeljko"]
[Black "Kovacevic, Vlatko"]
[Result "1-0"]
[WhiteElo "2245"]
[BlackElo "2545"]
[PlyCount "88"]
[EventDate "1992.??.??"]
[EventType "swiss"]
[EventRounds "9"]
[EventCountry "CRO"]
[SourceTitle "EXT 2004"]
[Source "ChessBase"]
[SourceDate "2003.11.25"]
[SourceVersion "1"]
[SourceVersionDate "2003.11.25"]
[SourceQuality "1"]

1. e4 e6 2. d4 d5 3. Nd2 Nc6 4. Ngf3 Nf6 5. e5 Nd7 6. c4 dxc4 7. Nxc4 Nb6 8. Nxb6 axb6 9. Bd3 Bb4+ 10. Kf1 Be7 11. Be4 Nb4 12. Bd2 Nd5 13. h4 h6 14. h5 Bd7 15. Rh3 Bc6 16. Qc2 Qd7 17. Rg3 Bf8 18. Kg1 Ne7 19. b3 b5 20. Be3 Bxe4 21. Qxe4 Nd5 22. Ne1 c6 23. Bd2 f5 24. exf6 Nxf6 25. Qe2 0-0-0 26. a4 b4 27. a5 Qxd4 28. Rd1 Qe4 29. Re3 Qg4 30. Nf3 Bc5 31. a6 Bxe3 32. Qxe3 Nd5 33. Qa7 bxa6 34. Qxa6+ Kc7 35. Qa7+ Kd6 36. Be3 e5 37. Bc5+ Ke6 38. Re1 e4 39. Nd4+ Kf6 40. Nxc6 Rd7 41. Qa1+ Ke6 42. Qe5+ Kf7 43. Rxe4 Nf6 44. f3 Qxe4 1-0

[Event "Subotica Bratstvo tt 7th"]
[Site "Subotica"]
[Date "1983.11.22"]
[Round "2.4"]
[White "Boto, Zeljko"]
[Black "Abramovic, Bosko"]
[Result "0-1"]
[WhiteElo "2355"]
[BlackElo "2475"]
[PlyCount "88"]
[EventDate "1983.11.21"]
[EventType "team-swiss"]
[EventRounds "4"]
[EventCountry "YUG"]
[SourceTitle "EXT 2014"]
[Source "ChessBase"]
[SourceDate "2013.11.20"]
[SourceVersion "1"]
[SourceVersionDate "2013.11.20"]
[SourceQuality "1"]
[WhiteTeam "Croatia"]
[BlackTeam "Serbia"]
[WhiteTeamCountry "CRO"]
[BlackTeamCountry "SRB"]

1. e4 c5 2. Nf3 e6 3. d4 cxd4 4. Nxd4 Nc6 5. Nc3 a6 6. Be2 Qc7 7. 0-0 Nf6 8. Be3 Bb4 9. Nxc6 bxc6 10. Na4 Be7 11. Nb6 Rb8 12. Nxc8 Qxc8 13. e5 Nd5 14. Bc1 Bc5 15. Bd3 Qc7 16. Qe2 Bd4 17. Re1 Bxb2 18. Bxb2 Rxb2 19. Bxa6 0-0 20. Bc4 Rbb8 21. a4 Qa5 22. Bb3 f6 23. Red1 Rb4 24. exf6 Rxf6 25. Qd2 Qc5 26. a5 Rbf4 27. Rf1 Rd4 28. Qg5 h6 29. Qh5 Rf5 30. Qe8+ Rf8 31. Qh5 Rd2 32. Qh4 Nf4 33. a6 Rd4 34. Kh1 Ra8 35. Qg3 Rb4 36. Rfb1 Qb6 37. Qe3 Rxa6 38. Rxa6 Qxa6 39. Qe5 Qb6 40. Qd6 Qxf2 41. Rg1 Rd4 42. Qe7 Rd1 43. Bxe6+ dxe6 44. Qd8+ Rxd8 0-1

[Event "Subotica Bratstvo tt 7th"]
[Site "Subotica"]
[Date "1983.11.21"]
[Round "1.5"]
[White "Zupe, Miran"]
[Black "Boto, Zeljko"]
[Result "1/2-1/2"]
[WhiteElo "2295"]
[BlackElo "2355"]
[PlyCount "37"]
[EventDate "1983.11.21"]
[EventType "team-swiss"]
[EventRounds "4"]
[EventCountry "YUG"]
[SourceTitle "EXT 2014"]
[Source "ChessBase"]
[SourceDate "2013.11.20"]
[SourceVersion "1"]
[SourceVersionDate "2013.11.20"]
[SourceQuality "1"]
[WhiteTeam "Slovenia"]
[BlackTeam "Croatia"]
[WhiteTeamCountry "SLO"]
[BlackTeamCountry "CRO"]

1. e4 c5 2. Nf3 d6 3. c3 Nf6 4. h3 Nc6 5. Bd3 d5 6. e5 Nd7 7. Bb5 e6 8. 0-0 a6 9. Bxc6 bxc6 10. d3 f6 11. Bf4 Be7 12. Qa4 Qb6 13. Nbd2 0-0 14. exf6 gxf6 15. Bh6 Rf7 16. Qg4+ Kh8 17. Qh5 Kg8 18. Qg4+ Kh8 19. Qh5 1/2-1/2